000
00324nam a2200133Ia 4500
008
170620s9999 xx 000 0 und d
020
_a
8174763805
100
_a
PANDEYA-S.N
245
0
_a
ATEXT BOOK OF INORGANIC MEDICAL CHEMISTRY
260
_b
S.G.
260
_c
2004
300
_a
458
546
_a
English
690
_a
INORGANIC MEDICAL CHEMISTRY
999
_c
30535
_d
30535